00498nam a2200169Ia 450000500170000000800410001704000190005804100120007708200130008910000190010224500460012126000550016730000120022250400500023465000340028485000100031820230707112459.0131103s9999 xx 000 0 und d aLoreto College aEnglish a952bSTO aStorry,Richard 2aA History of Modern JapancRichard Storry aHarmondsworthbPenguin Booksc1960 (1963 printing) a296 p.  aIncludes bibliographical references and index aJapan - History,20 th century aLCLIB